000 01296nam a2200361 i 4500
001 000005198
003 DO-SdBNP
005 20260210124032.0
007 ta
008 090707s2007 dr a r 001 0 spa d
020 _a9789945161540
040 _aDO-SdBNP
_bspa
_cBNPHU
_erda
041 _aspa
082 4 _a641.5636
_bM671c
_222
100 1 _aMir, Eridania
_910197
_4aut.
_eautor
245 1 0 _a100 recetas de berenjenas /
_cEridania Mir ; prólogo, Esperanza Lithgow.
246 1 _aCien recetas de berenjenas
260 _c2007.
264 4 _aSanto Domingo :
_bEditora Búho,
_c©2007.
300 _a138 páginas :
_bilustraciones ;
_c22 cm.
336 _atexto
_btxt
_2rdacontent
337 _asin mediación
_bn
_2rdamedia
338 _avolumen
_bnc
_2rdacarrier
505 0 _aPrólogo -- Presentación -- La berenjena, -- Recomendaciones -- Entradas -- Ensaladas -- Guarniciones -- Pastelones -- Otros -- Postres.
590 _aLa biblioteca posee 2 ejemplares autografiados por la autora
590 _aInventariado, 2018/BT
650 4 _aCocina vegetariana
_9361
650 4 _aBerenjena (cocina)
_910198
650 4 _aCocina dominicana
_9192
700 1 _aLithgow, Esperanza,
_eprologuista
_910199
_4pr.
910 _aValidado. Control de calidad MMOLINA
942 _2ddc
_cLBS1
999 _c5000
_d5000